| 000 | 00985nam0a22002651 4500 | ||
|---|---|---|---|
| 001 | rc\2592743 | ||
| 005 | 20250623124204.0 | ||
| 035 | _a(NLR Aleph) 006757003 | ||
| 090 |
_a5804159 _c5804159 |
||
| 100 | _a20110914d1929 |||y0rusy50 ca | ||
| 101 | 0 | _arus | |
| 102 | _aRU | ||
| 105 | _ay z |||a| | ||
| 200 | 1 |
_aКрутая жизнь _e[Стихи] _fИлья Садофьев |
|
| 210 |
_aЛенинград _cПрибой _d1929 _gтип. им. Н. Бухарина Гос. изд-ва |
||
| 215 |
_a175 с., [1] с. объявл. _d17х13 см. |
||
| 300 | _aВ переплете-папке. Папка: Ушин | ||
| 700 | 1 |
_7ca _8rus _aСадофьев _bИ. И. _cучастник революц. движения, поэт, переводчик _f1889-1965 _gИлья Иванович _9176938 _3RU\NLR\AUTH\770176989 |
|
| 801 | 0 |
_aRU _bNLR _gpsbo |
|
| 801 | 1 |
_aRU _bELAR _2rusmarc |
|
| 852 |
_aNLR _j74/288 |
||
| 852 |
_aNLR _j118/526 |
||
| 942 | _cBOOK | ||
| 980 | _aNB | ||